LEADER 01172cam0 2200277 450 001 E600200049930 005 20160212100729.0 100 $a20090609d1993 |||||ita|0103 ba 101 $aita 102 $aIT 200 1 $a<<" >>Tabulae Irnitanae"$emunicipalità e "ius romanorum"$fFrancesca Lamberti 210 $aNapoli$cJovene$d1993 215 $aVIII, 601 p.$d24 cm 225 2 $aPubblicazioni del Dipartimento di diritto romano e storia della scienza romanistica dell'Universita degli Studi di Napoli Federico 2.$v6 300 $a(ac) 410 1$1001LAEC00026942$12001 $a*Pubblicazioni del Dipartimento di diritto romano e storia della scienza romanistica dell'Universita degli Studi di Napoli Federico 2.$v6 700 1$aLamberti$b, Francesca$3A600200055019$4070$0241611 801 0$aIT$bUNISOB$c20160212$gRICA 850 $aUNISOB 852 $aUNISOB$jFondo|casavola$m144593 912 $aE600200049930 940 $aM 102 Monografia moderna SBN 941 $aM 957 $aFondo|casavola$b000238$gSi$d144593$hCasavola$rdono$1catenacci$2UNISOB$3UNISOB$420090609072622.0$520160212100729.0$6petrellap 996 $a"Tabulae irnitanae"$9649525 997 $aUNISOB LEADER 01724nam0 22003613i 450 001 PUV0324624 005 20231121125613.0 100 $a20150127d1926 ||||0itac50 ba 101 | $aita$alat 102 $ait 181 1$6z01$ai $bxxxe 182 1$6z01$an 200 1 $a˜Uno œsguardo a Tacito nel quadro della storiografia latina e commento filologico-estetico al libro 12. degli Annali$fEmanuele Cesareo 210 $aPalermo D. Capozzi$d1926 215 $aVIII, 156 p.$d18 cm. 606 $aTacito, Publio Cornelio . Annales. 12.$xCommenti$2FIR$3RMLC425735$9E 676 $a937.07$9Storia dell'antica penisola italica e territori adiacenti. Alto e medio impero, 31 a.C.-284$v21 700 1$aCesareo$b, Emanuele$3PALV044226$4070$0164294 701 1$aTacitus$b, Publius Cornelius$3CFIV000651$4070$05717 790 0$aTacite$3BVEV012215$zTacitus, Publius Cornelius 790 0$aTacito$3CFIV176166$zTacitus, Publius Cornelius 790 1$aTacitus$b, Caius Cornelius$3MILV197820$zTacitus, Publius Cornelius 790 1$aTacito$b, Cornelio Publio$3SBNV037437$zTacitus, Publius Cornelius 790 1$aTacito$b, Publio Cornelio$3TO0V260445$zTacitus, Publius Cornelius 790 0$aTacitus$3UBOV684127$zTacitus, Publius Cornelius 801 3$aIT$bIT-01$c20150127 850 $aIT-FR0017 899 $aBiblioteca umanistica Giorgio Aprea$bFR0017 $eN 912 $aPUV0324624 950 0$aBiblioteca umanistica Giorgio Aprea$d 52DFA C 56$e 52FLS0000347495 VMC RF $fB $h20150127$i20150127 977 $a 52 996 $aSguardo a Tacito nel quadro della storiografia latina e commento filologico-estetico al libro 12. degli Annali$93613588 997 $aUNICAS